<?xml version="1.0" encoding="UTF-8"?>
<marc:record xmlns:marc="http://www.loc.gov/MARC21/slim">
   <marc:leader>00000nam a2200000 a 4500</marc:leader>
   <marc:datafield ind1=" " ind2=" " tag="653">
      <marc:subfield code="a">2-5 Spieler</marc:subfield>
   </marc:datafield>
   <marc:datafield ind1=" " ind2=" " tag="653">
      <marc:subfield code="a">ab 8 Jahren</marc:subfield>
   </marc:datafield>
   <marc:datafield ind1=" " ind2=" " tag="653">
      <marc:subfield code="a">Gedächtnis</marc:subfield>
   </marc:datafield>
   <marc:datafield ind1="0" ind2="0" tag="245">
      <marc:subfield code="a">Numerabis</marc:subfield>
   </marc:datafield>
   <marc:datafield ind1=" " ind2="1" tag="264">
      <marc:subfield code="a">Wien</marc:subfield>
      <marc:subfield code="b">Piatnik</marc:subfield>
      <marc:subfield code="c">2014</marc:subfield>
   </marc:datafield>
   <marc:datafield ind1="1" ind2=" " tag="520">
      <marc:subfield code="a">Ein Memo-Spiel der besonderen Art. Hier ist nicht nur ein gutes Gedächtnis, sondern auch mathematisches Verständnis gefragt. Zwei Zahlenkärtchen werden aufgedeckt, um mathematische Aufgaben zu lösen. Erst dann darf der Spieler die Kärtchen einheimsen. Spielerisch werden so die mathematischen Kenntnisse der Kinder erweitert.&#xD;
Dieses Spiel fördert: Merkfähigkeit, Kombinationsgabe</marc:subfield>
   </marc:datafield>
   <marc:datafield ind1="3" ind2=" " tag="024">
      <marc:subfield code="a">9001890608896</marc:subfield>
   </marc:datafield>
   <marc:datafield ind1=" " ind2=" " tag="300">
      <marc:subfield code="a">49 Zahlenkärtchen (+5 blanko), 2 Würfel (blanko), 1 Aufkleberbogen für die Würfel</marc:subfield>
   </marc:datafield>
</marc:record>
